000 01276nam a2200277 i 4500
001 39830
003 ES-MaACL
005 20250901110114.0
007 t|
008 030304s1950 mx ||||1| spa d
100 1 _aCantillon, Richard.
_934662
245 1 0 _aEnsayo sobre la naturaleza del comercio general /
_cRichard Cantillon ; prefacio y traducción de M. Sánchez Sarto ; con un estudio de W. S. Jevons.
250 _a[1ª ed. en español].
260 _aMéxico, etc. :
_bFondo de Cultura Económica,
_c[1950] (
_fGráf. Panamericana)
300 _a234 p. ;
_c24 cm.
490 1 _aLas obras maestras de la economía
650 4 _aComercio-
_vHistoria
_911160
700 1 _aSánchez Sarto, Manuel.
_9102931
700 1 _aJevons, William Stanley.
_9128300
830 0 _aLas obras maestras de la economía
_9187391
852 _aES-MaACL
_jD-6518
_bR.31994
_bR.M.6109
_941294
_cSVI
_fSello en tinta azul de la Biblioteca del Ateneo de Madrid
_gAnotación manuscrita en cubierta: "25"
_gAnotación manuscrita en hoja de guarda: "43"
_zEn cubierta: "29.ABR.1952"
942 _2udc
_cMONOGRAFIA
999 _c39830
_d39830